ENGINEERING THERMODYNAMICS AN INTRODUCTORY TEXTBOOK (Record no. 569616)

000 -LEADER
fixed length control field 00337nam a22001217a 4500
082 ## - DEWEY DECIMAL CLASSIFICATION NUMBER
Classification number 621.4021 JON'E
100 ## - MAIN ENTRY--PERSONAL NAME
Personal name JONES, J. B,HAWKINS, G. A
9 (RLIN) 59702
245 ## - TITLE STATEMENT
Title ENGINEERING THERMODYNAMICS AN INTRODUCTORY TEXTBOOK
260 ## - PUBLICATION, DISTRIBUTION, ETC.
Place of publication, distribution, etc. NEWYORK
Name of publisher, distributor, etc. JOHN WILEY
Date of publication, distribution, etc. 1960
300 ## - PHYSICAL DESCRIPTION
Extent 724P
650 ## - SUBJECT ADDED ENTRY--TOPICAL TERM
Topical term or geographic name entry element ENGINEERING THERMODYNAMICS
9 (RLIN) 59703
942 ## - ADDED ENTRY ELEMENTS (KOHA)
Koha item type Book
Holdings
Withdrawn status Lost status Damaged status Not for loan Permanent Location Current Location Shelving location Date acquired Total Checkouts Full call number Barcode Date last seen Price effective from Koha item type
        College of Electrical & Mechanical Engineering (CEME) College of Electrical & Mechanical Engineering (CEME) General Stacks 07/18/2017   621.4021 JON'E CEME-1429 06/28/2021 06/28/2021 Book
© 2023 Central Library, National University of Sciences and Technology. All Rights Reserved.